अन्तरिक्षीय ज्ञान का पृथ्वी पर उपयोग (Record no. 118496)

MARC details
000 -LEADER
fixed length control field 01325nam a22002657a 4500
005 - DATE AND TIME OF LATEST TRANSACTION
control field 20170124103115.0
010 ## - LIBRARY OF CONGRESS CONTROL NUMBER
LC control number A-806741
020 ## - INTERNATIONAL STANDARD BOOK NUMBER
Terms of availability 250.00
035 ## - SYSTEM CONTROL NUMBER
System control number A-806741
037 ## - SOURCE OF ACQUISITION
Source of stock number/acquisition Cen Lib/Ret
040 ## - CATALOGING SOURCE
Original cataloging agency DPL
Language of cataloging HN
082 ## - DEWEY DECIMAL CLASSIFICATION NUMBER
Classification number 629.4
Item number चतुर्वे
100 ## - MAIN ENTRY--PERSONAL NAME
Personal name चतुर्वेदी , रामस्वरुप
9 (RLIN) 45
245 ## - TITLE STATEMENT
Title अन्तरिक्षीय ज्ञान का पृथ्वी पर उपयोग
Statement of responsibility, etc रामस्वरुप चतुर्वेदी
246 ## - VARYING FORM OF TITLE
Title proper/short title Antrikshiya gyan ka prithvi par upyog
Remainder of title by Ramswarup Chaturvedi
260 ## - PUBLICATION, DISTRIBUTION, ETC. (IMPRINT)
Place of publication, distribution, etc नई दिल्ली
Name of publisher, distributor, etc अलंकार प्रकाशन
Date of publication, distribution, etc 1996
270 ## - ADDRESS
Address 3611, सुभाष मार्ग दरिया गंज
City नई दिल्ली
Postal code 110002
300 ## - PHYSICAL DESCRIPTION
Extent 271पृष्ठ. :
Dimensions 20सेमी(सजिल्द)
Other physical details चित्र.
490 ## - SERIES STATEMENT
Series statement ब्रह्माण्ड विज्ञान ग्रंथमाला -5
650 ## - SUBJECT ADDED ENTRY--TOPICAL TERM
Topical term or geographic name as entry element खगोल शास्त्र
9 (RLIN) 80476
650 ## - SUBJECT ADDED ENTRY--TOPICAL TERM
Topical term or geographic name as entry element अन्तरिक्षीय खोजों के उद्देश्य
9 (RLIN) 80477
650 ## - SUBJECT ADDED ENTRY--TOPICAL TERM
Topical term or geographic name as entry element Astronomy
9 (RLIN) 80478
650 ## - SUBJECT ADDED ENTRY--TOPICAL TERM
Topical term or geographic name as entry element The purpose of cosmic discoveries
9 (RLIN) 80479
942 ## - ADDED ENTRY ELEMENTS (KOHA)
Source of classification or shelving scheme Dewey Decimal Classification
Koha item type Hindi Books
Classification part 629.4
Call number suffix चतुर्वे
Holdings
Withdrawn status Lost status Damaged status Not for loan Home library Current library Date acquired Source of acquisition Cost, normal purchase price Total Checkouts Full call number Barcode Date last seen Date checked out Copy number Cost, replacement price Price effective from Koha item type
        Central Library Central Library 11/09/2015 Cen Lib/Ret 250.00 1 629.4 चतुर्वे A-806741 08/10/2018 22/09/2018 1 250.00 11/09/2015 Hindi Books

© Delhi Public Library
Hit Counter
free hit counter